00476nam a2200193 a 4500001001300000003000900013005001700022008004100039020001000080082001600090100001900106245002300125260003600148300000800184500003500192505002000227650001600247700001900263nice12345678IN_TiNIC20260116011614.0050524s1966 deoa grp 000 0 urd  ac0.300a297.7bHUS1 aHusain, Akhlaq aImaan Awr Aazmaish aDeobandbMaktaba Taiyyabac1966 a20p aincludes index and biblioraphy2 aEpilogue, Notes aDawah-Islam1 aHusain, Akhlaq